Statistics for Country Subdivisions #4 Germany

Click here to take the quiz!

General Stats

  • This quiz has been taken 18 times
  • The average score is 6 of 11

Answer Stats

AreaAnswer% Correct
SouthBavaria
94%
EastSaxony
88%
NorthBerlin
75%
WestNorth Rhine
63%
EastBrandenburg
56%
WestHesse
50%
NorthSaxony-Anhalt
50%
WestSaarland
44%
WestRhineland
38%
NorthHolstein
19%
SouthWurttemberg
13%

Score Distribution

Percentile by Number Answered

Percent of People with Each Score

Your Score History

You have not taken this quiz